000 01079cam a2200217 4500
001 WB3832-17
008 020905n2002 000 0 eng u
035 _a(Sirsi) u119582
245 _aBiosecurity leaflet launched
260 _c2002
490 _aRICS Rural Faculty News
_v 4 September 2002 (1)
520 _aA new leaflet on biosecurity has been published in a joint venture by government and farming organisations. Highlighting the benefits of good biosecurity on farms - not only helping prevent disease but also improving farm efficiency - the leaflets will be sent to livestock farmers in England and Wales. The leaflet can be found on the DEFRA website http://www.defra.gov.uk/animalh/biosecurity/farmguidance/index.htm RICS news story http://www.rics.org/ricscms/bin/show?class=News&template=/includes/shownews.html&id=3566&faculty=Rural&faculty=All Faculties
590 _aWB
650 _aBIOSECURITY
650 _aFARMING INDUSTRY
650 _aANIMAL HEALTH
650 _aFARMING PRACTICES
650 _aDISEASE
690 _aRural
_96268
942 _n0
999 _c71100
_d71100